| 000 | 00480nam a2200157Ia 4500 | ||
|---|---|---|---|
| 008 | 170221s9999 xx 000 0 und d | ||
| 100 | _aReggy Capacio Figer | ||
| 245 | _aInternet Use and Social Capital: The Case of Filipino Migrants in Japan | ||
| 245 | _cReggy Capacio Figer | ||
| 260 | _bOnline Journal of Communication and Media Technologies | ||
| 260 | _c2012 | ||
| 300 | _aX : 2 | ||
| 650 | _xCommunication | ||
| 650 | _xMedia Arts | ||
| 856 | _uhttp://www.ojcmt.net/ | ||
| 999 |
_c309075 _d309075 |
||